000 00954nam a2200241Ia 4500
003 OSt
005 20221005113227.0
006 a|||||r|||| 00| 0
007 ta
008 221004b |||||||| |||| 00| 0 pan d
020 _c300
024 _a117403
037 _b613, 22/02/2012, H.K. Prakashan
_cTextual
040 _aCRL
_cCRL
_bpan
041 _2pan
_apan
082 _aO153,1NKA1:g, P4
100 _aਲਾਂਬਾ, ਗੋਬਿੰਦ ਸਿੰਘ, ਥਦ।
245 0 _aਕਿੱਸਾ ਕਾਮਰੂਪ ਕ੍ਰਿਤ ਅਹਿਮਦਯਾਰ
_b ਸੰਪਾਦਨ ਤੇ ਵਿਵੇਚਨ
260 _aਪਟਿਆਲਾ
_bਗੋਬਿੰਦ ਸਿੰਘ ਲਾਂਬਾ ਪ੍ਰਕਾਾਨ ਭਾਰਤ
_c2004
300 _a303ਪੰ
_ccm.
942 _hO153,1NKA1:g, P4
_cTEXL
_2cc
999 _c1027465
_d1027465